Chicka Chicka Boom Boom / (Record no. 106202)
[ view plain ]
| 000 -LEADER | |
|---|---|
| fixed length control field | 00437nam a2200169 a 4500 |
| 005 - DATE AND TIME OF LATEST TRANSACTION | |
| control field | 20140412111425.0 |
| 008 - FIXED-LENGTH DATA ELEMENTS--GENERAL INFORMATION | |
| fixed length control field | 090224s19uu xx 00 eng d |
| 020 ## - INTERNATIONAL STANDARD BOOK NUMBER | |
| International Standard Book Number | 0-689-83568-x |
| 050 ## - LIBRARY OF CONGRESS CALL NUMBER | |
| Classification number | TR(PS E |
| Item number | Ch432 1989 |
| 100 ## - MAIN ENTRY--PERSONAL NAME | |
| Personal name | Martin, Bill Jr. |
| 245 ## - TITLE STATEMENT | |
| Title | Chicka Chicka Boom Boom / |
| Statement of responsibility, etc | Bill Martin Jr. |
| 260 ## - PUBLICATION, DISTRIBUTION, ETC. (IMPRINT) | |
| Place of publication, distribution, etc | U.S.A : |
| Name of publisher, distributor, etc | Simon Schuster, |
| Date of publication, distribution, etc | 1989. |
| 300 ## - PHYSICAL DESCRIPTION | |
| Extent | unp. |
| 650 ## - SUBJECT ADDED ENTRY--TOPICAL TERM | |
| Topical term or geographic name as entry element | Alphabet |
| Withdrawn status | Lost status | Damaged status | Home library | Current library | Shelving location | Date acquired | Source of acquisition | Total Checkouts | Full call number | Barcode | Date last seen | Price effective from | Koha item type | Cost, normal purchase price |
|---|---|---|---|---|---|---|---|---|---|---|---|---|---|---|
| Elizalde Library | Elizalde Library | Teachers Reference Section | 02/24/2009 | TR(PS E Ch432 1989 | E11430 | 04/12/2014 | 04/12/2014 | Books | ||||||
| Elizalde Library | Elizalde Library | Teachers Reference Section | 02/24/2009 | TR(PS E Ch432 1989 | E11431 | 04/12/2014 | 04/12/2014 | Books | 330.00 |